[Event "XIX Dobczyce'2011"]
[Site "Dobczyce, ul. Gorska 31"]
[Date "2011.??.??"]
[Round "1.1"]
[White "Sleczka, Bartosz"]
[Black "Zaboklicki, Zbigniew"]
[Result "1/2-1/2"]
[WhiteElo "1881"]
[BlackElo "1895"]
[PlyCount "80"]
[EventDate "2011.??.??"]

1. e4 c5 2. Nf3 Nc6 3. d4 cxd4 4. Nxd4 Nf6 5. Nc3 e5 6. Ndb5 d6 7. Bg5 a6 8.
Na3 b5 9. Nd5 Be7 10. Bxf6 Bxf6 11. c3 O-O 12. Nc2 Bg5 13. Nde3 Be6 14. Be2 Ne7
15. Bf3 Rc8 16. O-O Kh8 17. Re1 Qb6 18. Nb4 Bxe3 19. Rxe3 a5 20. Nc2 f5 21.
exf5 Bxf5 22. Qd2 b4 23. Ree1 bxc3 24. bxc3 Qc5 25. Ne3 Bg6 26. h4 e4 27. Bg4
Rc7 28. c4 Qe5 29. Rab1 Rc5 30. Rb6 Rc6 31. Rb5 Rc5 32. Qxa5 Qf6 33. Rf1 Nc6
34. Qb6 Rxb5 35. cxb5 Ne5 36. h5 Bf7 37. Be2 Bxa2 38. Qa7 Be6 39. Qb7 Qf4 40.
b6 Nd7 1/2-1/2

[Event "XIX Dobczyce'2011"]
[Site "Dobczyce, ul. Gorska 31"]
[Date "2011.??.??"]
[Round "1.2"]
[White "Klementys, Jerzy"]
[Black "Watorek, Marcin"]
[Result "0-1"]
[WhiteElo "1802"]
[BlackElo "2125"]
[PlyCount "90"]
[EventDate "2011.??.??"]

1. d4 d5 2. c4 c6 3. Nf3 Nf6 4. Nc3 e6 5. Bg5 dxc4 6. a4 Bb4 7. e4 Qa5 8. Bd2
Nbd7 9. Bxc4 e5 10. Qb3 O-O 11. dxe5 Nc5 12. Qc2 Nfd7 13. O-O Nb6 14. Be2 Be6
15. Nd4 Rad8 16. Be3 Bxc3 17. bxc3 Bc4 18. Rfb1 Bxe2 19. Nxe2 Nc4 20. Bd4 Ne6
21. Qa2 Nxe5 22. Rxb7 Nxd4 23. cxd4 Qa6 24. Rb3 Nd7 25. Rc3 Nf6 26. f3 Rb8 27.
Qc4 Qb6 28. Rac1 Rfc8 29. Qc5 Qa6 30. Qc4 Qa5 31. Qa2 h6 32. Rc5 Qb4 33. d5 Rb6
34. Kf1 Rd8 35. a5 Rb5 36. R5c4 Qd6 37. Rxc6 Qxh2 38. Rc7 Rd6 39. Rxa7 Qh1+ 40.
Ng1 Ng4 41. Rc3 Rc5 42. Qa3 Rxc3 43. Qxc3 Rf6 44. Qc8+ Kh7 45. Qxg4 Qh2 0-1

[Event "XIX Dobczyce'2011"]
[Site "Dobczyce, ul. Gorska 31"]
[Date "2011.??.??"]
[Round "1.3"]
[White "Bus, Konrad"]
[Black "Liscinsky, Martin"]
[Result "1/2-1/2"]
[WhiteElo "1871"]
[BlackElo "1773"]
[PlyCount "48"]
[EventDate "2011.??.??"]

1. d4 Nf6 2. c4 e6 3. Nc3 c5 4. e3 b6 5. Nf3 Bb7 6. Bd3 d5 7. O-O Be7 8. b3 O-O
9. Bb2 Nc6 10. cxd5 Nxd5 11. Nxd5 Qxd5 12. Qe2 cxd4 13. exd4 Nb4 14. Bc4 Qe4
15. Qxe4 Bxe4 16. Ne5 Rac8 17. f3 Bd5 18. Rf2 f6 19. Bxd5 exd5 20. Ng4 Nd3 21.
Rd2 Nxb2 22. Rxb2 Rc3 23. Re2 Bb4 24. Rd1 Kf7 1/2-1/2

[Event "XIX Dobczyce'2011"]
[Site "Dobczyce, ul. Gorska 31"]
[Date "2011.??.??"]
[Round "1.4"]
[White "Kreft, Wojciech"]
[Black "Zajac, Mateusz"]
[Result "1-0"]
[WhiteElo "1577"]
[BlackElo "1904"]
[PlyCount "109"]
[EventDate "2011.??.??"]

1. d4 Nf6 2. e3 g6 3. Nf3 Bg7 4. Be2 O-O 5. O-O c5 6. c3 Qc7 7. dxc5 Qxc5 8.
Qd4 Qc7 9. Qc4 Qd8 10. Rd1 d5 11. Qb3 Qc7 12. c4 dxc4 13. Qxc4 Qxc4 14. Bxc4
Bg4 15. Nc3 Bxf3 16. gxf3 Nc6 17. Bd2 Rfd8 18. Be1 Nd7 19. Nd5 e6 20. Nc7 Rac8
21. Nxe6 Re8 22. Nxg7 Kxg7 23. Rxd7 Ne5 24. Rxb7 Nxf3+ 25. Kg2 Nxe1+ 26. Rxe1
Rxc4 27. Rxa7 Rc2 28. b4 Rb2 29. a3 Rc8 30. Ra5 Rcc2 31. Rf1 Rc3 32. Kf3 Ra2
33. a4 Rca3 34. b5 Rxa4 35. Rxa4 Rxa4 36. Rb1 f5 37. b6 Ra8 38. b7 Rb8 39. Kf4
Kf6 40. Rb6+ Ke7 41. Ke5 Kd7 42. Kf6 Kc7 43. Rb4 g5 44. Kxg5 Rg8+ 45. Kxf5 Kb8
46. f4 h5 47. Rb2 h4 48. Ke4 h3 49. Kf3 Rg7 50. f5 Rg8 51. e4 Rg5 52. f6 Rg6
53. e5 Rg5 54. Ke4 Rg2 55. f7 1-0

[Event "XIX Dobczyce'2011"]
[Site "Dobczyce, ul. Gorska 31"]
[Date "2011.??.??"]
[Round "1.5"]
[White "Lach, Piotr"]
[Black "Chmiel, Marcin"]
[Result "1-0"]
[WhiteElo "2187"]
[BlackElo "1865"]
[PlyCount "92"]
[EventDate "2011.??.??"]

1. e4 e5 2. Nf3 Nc6 3. Bc4 Nf6 4. d3 Bc5 5. O-O d6 6. c3 a6 7. Bb3 O-O 8. Re1
h6 9. h3 Ba7 10. Nbd2 Ne7 11. Nf1 Ng6 12. d4 c5 13. Ng3 Re8 14. dxc5 dxc5 15.
Be3 b5 16. c4 Qxd1 17. Raxd1 Bb7 18. cxb5 axb5 19. Bc2 c4 20. a3 Bxe3 21. Rxe3
Red8 22. Rxd8+ Rxd8 23. b3 Nd7 24. Rc3 Ba6 25. bxc4 bxc4 26. Nf5 Nf4 27. Kf1 f6
28. Ne7+ Kf7 29. Nc6 Rc8 30. Nb4 Bb7 31. Nd2 Nb6 32. a4 Rc5 33. Nb3 cxb3 34.
Bxb3+ Nc4 35. Rxc4 Rxc4 36. Bxc4+ Ke7 37. f3 Kd6 38. Nd3 Nxd3 39. Bxd3 Kc5 40.
Bb5 Bc8 41. Ke2 g5 42. Kd3 Be6 43. Kc3 h5 44. Bd3 g4 45. fxg4 hxg4 46. h4 Bf7
1-0

[Event "XIX Dobczyce'2011"]
[Site "Dobczyce, ul. Gorska 31"]
[Date "2011.??.??"]
[Round "2.1"]
[White "Zaboklicki, Zbigniew"]
[Black "Chmiel, Marcin"]
[Result "0-1"]
[WhiteElo "1895"]
[BlackElo "1865"]
[PlyCount "58"]
[EventDate "2011.??.??"]

1. Nf3 d5 2. b3 c5 3. e3 Nf6 4. Bb2 Nc6 5. d4 e6 6. Nbd2 Bd6 7. Bb5 Bd7 8. a3
O-O 9. O-O a6 10. Bd3 Re8 11. Ne5 b5 12. c4 bxc4 13. bxc4 Qb8 14. Nxd7 Nxd7 15.
cxd5 exd5 16. Bf5 Nf8 17. dxc5 Bxh2+ 18. Kh1 Qxb2 19. Nf3 Qf6 20. Bh3 Bc7 21.
Qxd5 Rad8 22. Qc4 Ne5 23. Nxe5 Rxe5 24. Rac1 Rd2 25. Kg1 Rh5 26. Qc3 Qxc3 27.
Rxc3 Ne6 28. Rfc1 Rxc5 29. Bxe6 Rxc3 0-1

[Event "XIX Dobczyce'2011"]
[Site "Dobczyce, ul. Gorska 31"]
[Date "2011.??.??"]
[Round "2.2"]
[White "Zajac, Mateusz"]
[Black "Lach, Piotr"]
[Result "1/2-1/2"]
[WhiteElo "1904"]
[BlackElo "2187"]
[PlyCount "97"]
[EventDate "2011.??.??"]

1. e4 c5 2. Nf3 d6 3. d4 cxd4 4. Nxd4 Nf6 5. Nc3 a6 6. Be3 e5 7. Nb3 Be7 8. f3
O-O 9. Qd2 Be6 10. O-O-O a5 11. Qe1 a4 12. Nc5 a3 13. b3 Qc8 14. Nxe6 fxe6 15.
Bc4 Nc6 16. Na4 Rxa4 17. bxa4 d5 18. Bb3 Nb4 19. Kb1 dxe4 20. Bd2 Na6 21. fxe4
Qc6 22. Qe2 Nxe4 23. Qc4 Nf2 24. Qxe6+ Qxe6 25. Bxe6+ Kh8 26. Be3 Nxh1 27. Rxh1
Bc5 28. Bc1 b5 29. axb5 Nc7 30. Bc4 Rb8 31. c3 Nxb5 32. Bxb5 Rxb5+ 33. Kc2 Kg8
34. Rd1 Rb8 35. Rd5 Rc8 36. Kd3 Be7 37. Ra5 e4+ 38. Kd4 e3 39. Bxe3 Bf6+ 40.
Ke4 Rxc3 41. Bc5 Rc2 42. Bxa3 Rxa2 43. Kf3 Kf7 44. Bb4 Rb2 45. Bc5 h5 46. Ra3
g5 47. h3 Rb5 48. Be3 Rf5+ 49. Ke4 1/2-1/2

[Event "XIX Dobczyce'2011"]
[Site "Dobczyce, ul. Gorska 31"]
[Date "2011.??.??"]
[Round "2.3"]
[White "Liscinsky, Martin"]
[Black "Kreft, Wojciech"]
[Result "1/2-1/2"]
[WhiteElo "1773"]
[BlackElo "1577"]
[PlyCount "47"]
[EventDate "2011.??.??"]

1. e4 e5 2. Nf3 Nc6 3. c3 Nf6 4. d4 d6 5. Bg5 exd4 6. Nxd4 Nxd4 7. cxd4 Be7 8.
Bd3 Nxe4 9. Bxe7 Qxe7 10. O-O Nf6 11. Re1 Be6 12. Nc3 d5 13. f4 g6 14. f5 gxf5
15. Rc1 Ne4 16. Qf3 c6 17. Qf4 Qd6 18. Qh4 Qd8 19. Qf4 O-O 20. Bxe4 dxe4 21.
Qg3+ Kh8 22. Qe5+ Kg8 23. Qg3+ Kh8 24. Qe5+ 1/2-1/2

[Event "XIX Dobczyce'2011"]
[Site "Dobczyce, ul. Gorska 31"]
[Date "2011.??.??"]
[Round "2.4"]
[White "Watorek, Marcin"]
[Black "Bus, Konrad"]
[Result "1-0"]
[WhiteElo "2125"]
[BlackElo "1871"]
[PlyCount "65"]
[EventDate "2011.??.??"]

1. d4 d5 2. c4 e6 3. Nc3 c5 4. Nf3 cxd4 5. Nxd4 e5 6. Ndb5 d4 7. Nd5 Na6 8. e3
Be6 9. Qa4 Bd7 10. exd4 exd4 11. Bf4 Rc8 12. O-O-O Bc5 13. Re1+ Kf8 14. Bd3 Nh6
15. Qb3 Be6 16. Be4 Nf5 17. Kb1 h5 18. h3 h4 19. g4 hxg3 20. fxg3 Qd7 21. Rd1
Rd8 22. g4 Ne7 23. Nxd4 Bxd4 24. Rxd4 Nc5 25. Qa3 b6 26. Rhd1 Qa4 27. Qxa4 Nxa4
28. Nxb6 Rxd4 29. Rxd4 g5 30. Be5 f6 31. Bxf6 Nxb6 32. Bxh8 Nxc4 33. Bf6 1-0

[Event "XIX Dobczyce'2011"]
[Site "Dobczyce, ul. Gorska 31"]
[Date "2011.??.??"]
[Round "2.5"]
[White "Sleczka, Bartosz"]
[Black "Klementys, Jerzy"]
[Result "1-0"]
[WhiteElo "1881"]
[BlackElo "1802"]
[PlyCount "63"]
[EventDate "2011.??.??"]

1. e4 c5 2. Nf3 d6 3. d4 cxd4 4. Nxd4 Nf6 5. Nc3 a6 6. a4 e5 7. Nb3 Qc7 8. Be2
Be6 9. Be3 Be7 10. O-O Nbd7 11. a5 O-O 12. Re1 Rac8 13. Bf3 h6 14. Nd2 Kh7 15.
Nf1 Nc5 16. h3 Qd7 17. Qd2 Rg8 18. b4 Nfxe4 19. Nxe4 Nxe4 20. Bxe4+ f5 21. Bd5
Bxd5 22. Qxd5 f4 23. Bxf4 Bf6 24. Qd3+ Kh8 25. Bxe5 Bxe5 26. Rxe5 Qc6 27. Re6
Rgd8 28. Ne3 Qd7 29. Rg6 d5 30. Nf5 Rg8 31. Nxh6 gxh6 32. Rxh6+ 1-0

[Event "XIX Dobczyce'2011"]
[Site "Dobczyce, ul. Gorska 31"]
[Date "2011.??.??"]
[Round "3.1"]
[White "Klementys, Jerzy"]
[Black "Zaboklicki, Zbigniew"]
[Result "1-0"]
[WhiteElo "1802"]
[BlackElo "1895"]
[PlyCount "61"]
[EventDate "2011.??.??"]

1. d4 d5 2. c4 c6 3. Nf3 e6 4. Nc3 dxc4 5. a4 c5 6. e3 Nc6 7. Bxc4 cxd4 8. exd4
Nf6 9. O-O Be7 10. Bg5 O-O 11. Re1 Nb4 12. Qe2 Nbd5 13. Ne5 Nb6 14. Ba2 h6 15.
Be3 Nbd5 16. Nxd5 exd5 17. Rac1 Be6 18. Bb1 Qa5 19. b3 Ba3 20. Bd2 Qb6 21. Rc3
Bb4 22. Rg3 Bxd2 23. Qxd2 Kh8 24. Ree3 Rfc8 25. f4 Rc7 26. f5 Bc8 27. Ng4 Nxg4
28. Re8+ Kh7 29. Rxg4 Qc6 30. f6+ Bf5 31. Rxg7# 1-0

[Event "XIX Dobczyce'2011"]
[Site "Dobczyce, ul. Gorska 31"]
[Date "2011.??.??"]
[Round "3.2"]
[White "Bus, Konrad"]
[Black "Sleczka, Bartosz"]
[Result "1-0"]
[WhiteElo "1871"]
[BlackElo "1881"]
[PlyCount "47"]
[EventDate "2011.??.??"]

1. e4 e5 2. Nf3 Nc6 3. Bc4 Bc5 4. Nc3 Nf6 5. d3 d6 6. Bg5 Be6 7. Nd5 Na5 8.
Nxf6+ gxf6 9. Bxe6 fxe6 10. Be3 Bxe3 11. fxe3 O-O 12. O-O Nc6 13. Nh4 Qd7 14.
Qg4+ Kh8 15. Rf3 Rf7 16. Raf1 Raf8 17. Qh5 Ne7 18. g4 Kg8 19. Kh1 a5 20. Qh6 f5
21. gxf5 exf5 22. Rg1+ Kh8 23. Rfg3 fxe4 24. Rg7 1-0

[Event "XIX Dobczyce'2011"]
[Site "Dobczyce, ul. Gorska 31"]
[Date "2011.??.??"]
[Round "3.3"]
[White "Kreft, Wojciech"]
[Black "Watorek, Marcin"]
[Result "0-1"]
[WhiteElo "1577"]
[BlackElo "2125"]
[PlyCount "47"]
[EventDate "2011.??.??"]

1. d4 d5 2. c4 c6 3. e3 Nf6 4. Nf3 Bf5 5. Bd3 Bxd3 6. Qxd3 e6 7. O-O Nbd7 8.
cxd5 exd5 9. Nc3 Be7 10. e4 dxe4 11. Nxe4 Nxe4 12. Qxe4 Nf6 13. Qf5 O-O 14. Bg5
g6 15. Qh3 Nh5 16. Bh6 Re8 17. Rfe1 Qd6 18. Rad1 Bf6 19. Be3 Qd5 20. b3 Ng7 21.
g4 Ne6 22. Rd2 Bg5 23. Bxg5 Nxg5 24. Nxg5 0-1

[Event "XIX Dobczyce'2011"]
[Site "Dobczyce, ul. Gorska 31"]
[Date "2011.??.??"]
[Round "3.4"]
[White "Lach, Piotr"]
[Black "Liscinsky, Martin"]
[Result "1/2-1/2"]
[WhiteElo "2187"]
[BlackElo "1773"]
[PlyCount "115"]
[EventDate "2011.??.??"]

1. e4 e6 2. d4 d5 3. Nd2 dxe4 4. Nxe4 Nd7 5. Nf3 Ngf6 6. Bg5 h6 7. Bxf6 Nxf6 8.
Bd3 Be7 9. Nxf6+ Bxf6 10. c3 O-O 11. Qe2 Bd7 12. Qe4 g6 13. Qxb7 Rb8 14. Qe4
Rxb2 15. O-O Qe7 16. Ne5 Rfb8 17. Nc4 R2b7 18. Na5 Rb6 19. Rfe1 c5 20. Nc4 R6b7
21. Ne5 cxd4 22. cxd4 Rb4 23. a3 Rb3 24. a4 R8b4 25. Bc4 Rc3 26. Bb5 Bxe5 27.
Qxe5 Bxb5 28. axb5 Qc7 29. h3 Qxe5 30. Rxe5 Rc7 31. Rc5 Rxc5 32. dxc5 Rxb5 33.
c6 Rc5 34. Ra6 e5 35. Kf1 Rc2 36. Ke1 Kf8 37. Kd1 Rc5 38. Kd2 Ke7 39. Rxa7+ Kd6
40. Rd7+ Kxc6 41. Rxf7 Kd5 42. Rh7 h5 43. Rg7 Rc6 44. Kd3 Rf6 45. Ke3 Ke6 46.
g4 hxg4 47. hxg4 e4 48. Kxe4 Rxf2 49. Rxg6+ Kf7 50. Ra6 Rf6 51. Ra8 Kg7 52. Ke5
Rf1 53. Ra6 Rf2 54. Ke4 Rf1 55. Ke3 Rf7 56. Re6 Rf1 57. Rb6 Rf7 58. g5 1/2-1/2

[Event "XIX Dobczyce'2011"]
[Site "Dobczyce, ul. Gorska 31"]
[Date "2011.??.??"]
[Round "3.5"]
[White "Chmiel, Marcin"]
[Black "Zajac, Mateusz"]
[Result "1-0"]
[WhiteElo "1865"]
[BlackElo "1904"]
[PlyCount "57"]
[EventDate "2011.??.??"]

1. e4 e5 2. Nf3 Nc6 3. d4 exd4 4. Nxd4 Bc5 5. Be3 Qf6 6. c3 d6 7. Nc2 Bxe3 8.
Nxe3 Nge7 9. Be2 Qg6 10. Nd2 O-O 11. O-O f5 12. Bh5 Qf6 13. exf5 Nxf5 14. Nd5
Qd8 15. Re1 Nfe7 16. Nc4 Nxd5 17. Qxd5+ Kh8 18. Re3 Bd7 19. Rae1 Rf5 20. Qd1
Rf4 21. Qe2 b5 22. Nd2 Qf8 23. g3 Rf6 24. Ne4 Rh6 25. Ng5 Rf6 26. f4 g6 27. Bg4
Bxg4 28. Qxg4 d5 29. Qd7 1-0

[Event "XIX Dobczyce'2011"]
[Site "Dobczyce, ul. Gorska 31"]
[Date "2011.??.??"]
[Round "4.1"]
[White "Zaboklicki, Zbigniew"]
[Black "Zajac, Mateusz"]
[Result "0-1"]
[WhiteElo "1895"]
[BlackElo "1904"]
[PlyCount "135"]
[EventDate "2011.??.??"]

1. Nf3 Nf6 2. c4 g6 3. b3 Bg7 4. Bb2 d6 5. g3 O-O 6. Bg2 c5 7. O-O Nc6 8. d3
Rb8 9. Nbd2 a6 10. e3 b5 11. Qe2 bxc4 12. dxc4 Qc7 13. Ng5 Bg4 14. f3 Bf5 15.
g4 Bd7 16. Nh3 a5 17. Nf4 a4 18. g5 Nh5 19. Nd5 Qd8 20. Bxg7 Nxg7 21. f4 Nf5
22. Be4 Qc8 23. Qf3 Be6 24. Nc3 Nb4 25. Nxa4 f6 26. a3 Na6 27. Nc3 fxg5 28.
fxg5 Nc7 29. Nd5 Nxd5 30. Bxd5 Bxd5 31. Qxd5+ Kg7 32. Qe4 Qb7 33. Qxb7 Rxb7 34.
Rf3 Ra8 35. Raf1 e6 36. a4 Rba7 37. Kf2 Rh8 38. Ke2 h6 39. gxh6+ Rxh6 40. R1f2
g5 41. h3 Kg6 42. Kd3 Rah7 43. e4 Nd4 44. Rf6+ Kg7 45. Rf7+ Kg8 46. Rf8+ Kg7
47. R8f7+ Kg8 48. Rf8+ Kg7 49. R8f7+ Kg8 50. Rxh7 Kxh7 51. Rh2 g4 52. h4 Kg6
53. Kc3 e5 54. Nf1 Rh7 55. Ne3 Rb7 56. Rb2 Kh5 57. Ng2 Rf7 58. Kd3 Rf3+ 59. Ne3
Kxh4 60. a5 Nc6 61. a6 Nb4+ 62. Ke2 Nxa6 63. Nf5+ Kg5 64. Nxd6 Kf4 65. Ke1 Nb4
66. Rd2 Rxb3 67. Rf2+ Rf3 68. Nf7 0-1

[Event "XIX Dobczyce'2011"]
[Site "Dobczyce, ul. Gorska 31"]
[Date "2011.??.??"]
[Round "4.2"]
[White "Liscinsky, Martin"]
[Black "Chmiel, Marcin"]
[Result "0-1"]
[WhiteElo "1773"]
[BlackElo "1865"]
[PlyCount "40"]
[EventDate "2011.??.??"]

1. e4 c5 2. Nf3 Nc6 3. d4 cxd4 4. Nxd4 g6 5. Be3 Nf6 6. Nc3 Bg7 7. Bc4 O-O 8.
f4 Nxe4 9. Bxf7+ Rxf7 10. Nxe4 Bxd4 11. Bxd4 Rxf4 12. Be3 Rxe4 13. Qd5+ Re6 14.
O-O-O Qa5 15. Qc4 b5 16. Qb3 Qb4 17. Qd5 Qe4 18. Bh6 Qxd5 19. Rxd5 d6 20. Rf1
Ba6 0-1

[Event "XIX Dobczyce'2011"]
[Site "Dobczyce, ul. Gorska 31"]
[Date "2011.??.??"]
[Round "4.3"]
[White "Watorek, Marcin"]
[Black "Lach, Piotr"]
[Result "0-1"]
[WhiteElo "2125"]
[BlackElo "2187"]
[PlyCount "79"]
[EventDate "2011.??.??"]

1. d4 f5 2. c4 Nf6 3. g3 g6 4. Bg2 Bg7 5. Nf3 O-O 6. Nc3 d6 7. d5 c6 8. O-O e5
9. e4 cxd5 10. cxd5 Na6 11. exf5 Bxf5 12. Nh4 Bg4 13. f3 Qb6+ 14. Kh1 Bd7 15.
Qe2 Rae8 16. Be3 Qa5 17. Qd2 Nc5 18. Rab1 Qb4 19. Rfc1 Rc8 20. Bf1 a5 21. Be2
a4 22. Bd1 Qa5 23. Bc2 b5 24. Bh6 b4 25. Bxg7 Kxg7 26. Ne2 Qb5 27. b3 axb3 28.
axb3 Nb7 29. Rd1 Nd8 30. Ra1 Nf7 31. Bd3 Qxd5 32. Qxb4 Rb8 33. Qc4 Qb7 34. Qc1
g5 35. Ng2 Qxf3 36. Ng1 Qb7 37. Re1 Bc6 38. Re2 Ng4 39. Raa2 Ra8 40. Rac2 0-1

[Event "XIX Dobczyce'2011"]
[Site "Dobczyce, ul. Gorska 31"]
[Date "2011.??.??"]
[Round "4.4"]
[White "Sleczka, Bartosz"]
[Black "Kreft, Wojciech"]
[Result "1-0"]
[WhiteElo "1881"]
[BlackElo "1577"]
[PlyCount "86"]
[EventDate "2011.??.??"]

1. e4 e5 2. Nf3 Nc6 3. Bc4 Be7 4. O-O Nf6 5. d3 O-O 6. Re1 Bc5 7. c3 Be7 8. d4
d6 9. d5 Na5 10. Bd3 b6 11. Nbd2 Ne8 12. b4 Nb7 13. Bb5 f5 14. exf5 Bxf5 15.
Bc6 Qb8 16. Qe2 a6 17. h3 Bg6 18. Nf1 Ra7 19. Ng3 Nd8 20. Ba4 b5 21. Bb3 Bf6
22. Bb2 a5 23. bxa5 Rxa5 24. Rad1 Nb7 25. h4 Nc5 26. h5 Bf7 27. Bc1 Nxb3 28.
axb3 Qa8 29. b4 Ra2 30. Qxb5 Rc2 31. Qc4 Qa4 32. Bd2 Ra2 33. h6 Bd8 34. hxg7
Nxg7 35. Bh6 Bg6 36. Qg4 Bf6 37. Ne4 Qa7 38. Be3 Qa8 39. Nxf6+ Rxf6 40. Qd7 Rf7
41. Qb5 Bh5 42. Ng5 Rf8 43. Rc1 h6 1-0

[Event "XIX Dobczyce'2011"]
[Site "Dobczyce, ul. Gorska 31"]
[Date "2011.??.??"]
[Round "4.5"]
[White "Klementys, Jerzy"]
[Black "Bus, Konrad"]
[Result "1-0"]
[WhiteElo "1802"]
[BlackElo "1871"]
[PlyCount "75"]
[EventDate "2011.??.??"]

1. d4 d5 2. c4 e6 3. Nc3 c5 4. e3 Nf6 5. Nf3 Nc6 6. cxd5 exd5 7. Bd3 Be6 8. O-O
Bd6 9. dxc5 Bxc5 10. Nb5 O-O 11. a3 Qe7 12. b4 Bb6 13. Bb2 Rad8 14. Rc1 Bg4 15.
h3 Bh5 16. Be2 Rfe8 17. Nbd4 Nxd4 18. Nxd4 Bg6 19. Bb5 Rf8 20. Qf3 Qe5 21. Ba1
Bc7 22. g3 Be4 23. Qd1 Qd6 24. Bd3 Bb8 25. Bxe4 dxe4 26. Qe2 Qd7 27. Kg2 Rfe8
28. Rfd1 a6 29. Nc6 Nd5 30. Nxd8 Rxd8 31. Qg4 f5 32. Qe2 Kh8 33. Qa2 Qe6 34.
Rxd5 Rxd5 35. Rd1 f4 36. Qxd5 f3+ 37. Kh2 Bxg3+ 38. fxg3 1-0

[Event "XIX Dobczyce'2011"]
[Site "Dobczyce, ul. Gorska 31"]
[Date "2011.??.??"]
[Round "5.1"]
[White "Bus, Konrad"]
[Black "Zaboklicki, Zbigniew"]
[Result "1/2-1/2"]
[WhiteElo "1871"]
[BlackElo "1895"]
[PlyCount "132"]
[EventDate "2011.??.??"]

1. Nf3 Nf6 2. g3 b6 3. Bg2 Bb7 4. O-O c5 5. c4 g6 6. Nc3 Bg7 7. b3 O-O 8. Bb2
d5 9. Nxd5 Nxd5 10. Bxg7 Kxg7 11. cxd5 Bxd5 12. d4 Na6 13. Rc1 Bb7 14. dxc5
Nxc5 15. b4 Ne6 16. Qb3 Rc8 17. Qb2+ Kg8 18. Rxc8 Qxc8 19. Ne5 Bxg2 20. Kxg2
Qb7+ 21. f3 Qd5 22. Ng4 h5 23. e4 Qd4 24. Qxd4 Nxd4 25. Ne3 Rc8 26. Rd1 e5 27.
Rd2 Kg7 28. Nd5 Rc1 29. h4 f6 30. Rf2 f5 31. exf5 gxf5 32. Rd2 Kf7 33. f4 Ke6
34. Ne3 Rb1 35. Nc4 Rxb4 36. Nxe5 a5 37. Nd3 Ra4 38. Kf2 Rc4 39. Ne1 b5 40. Rd3
b4 41. Re3+ Kf6 42. Re5 a4 43. Nd3 b3 44. axb3 axb3 45. Ke3 Nc2+ 46. Kd2 Na3
47. Ra5 Rc2+ 48. Kd1 Nb1 49. Ra6+ Ke7 50. Nb4 Nc3+ 51. Ke1 Rc1+ 52. Kd2 b2 53.
Nc6+ Kd7 54. Ne5+ Kc7 55. Ra7+ Kb6 56. Nc4+ Kxa7 57. Nxb2 Na2 58. Ke3 Rc3+ 59.
Kd4 Rxg3 60. Ke5 Rg4 61. Kxf5 Rxh4 62. Nd3 Nc3 63. Kg5 Rh2 64. f5 Ne4+ 65. Kf4
Nf6 66. Kg5 Nd5 1/2-1/2

[Event "XIX Dobczyce'2011"]
[Site "Dobczyce, ul. Gorska 31"]
[Date "2011.??.??"]
[Round "5.2"]
[White "Kreft, Wojciech"]
[Black "Klementys, Jerzy"]
[Result "0-1"]
[WhiteElo "1577"]
[BlackElo "1802"]
[PlyCount "100"]
[EventDate "2011.??.??"]

1. d4 Nf6 2. Nf3 g6 3. e3 Bg7 4. Bc4 d5 5. Bb3 O-O 6. c4 c6 7. cxd5 cxd5 8. O-O
b6 9. Nc3 Bb7 10. Bd2 Nc6 11. Ne2 Ne4 12. Ng3 Nxd2 13. Qxd2 Na5 14. Qd3 Nxb3
15. Qxb3 Qd6 16. Rfc1 Rfc8 17. Qd1 Qb4 18. Qd2 Qxd2 19. Nxd2 e5 20. Nb3 Rc4 21.
Ne2 Rac8 22. Rxc4 dxc4 23. Nd2 b5 24. Nf3 Bxf3 25. gxf3 exd4 26. Nxd4 Bxd4 27.
exd4 Rd8 28. Rd1 Rd5 29. Kf1 Kf8 30. Ke2 Ke7 31. Ke3 Kd6 32. h3 Rh5 33. Rh1 Rh4
34. f4 Kd5 35. Kf3 Kxd4 36. Rd1+ Kc5 37. Kg3 Rh5 38. Rd7 a5 39. Rxf7 Kb4 40.
Kg4 a4 41. Re7 a3 42. Re2 axb2 43. Rxb2+ Kc3 44. Rb1 Kc2 45. Rb4 c3 46. a4 bxa4
47. Rxa4 Kb3 48. Ra7 Rc5 49. Rxh7 c2 50. Rb7+ Kc3 0-1

[Event "XIX Dobczyce'2011"]
[Site "Dobczyce, ul. Gorska 31"]
[Date "2011.??.??"]
[Round "5.3"]
[White "Lach, Piotr"]
[Black "Sleczka, Bartosz"]
[Result "1-0"]
[WhiteElo "2187"]
[BlackElo "1881"]
[PlyCount "75"]
[EventDate "2011.??.??"]

1. e4 e5 2. Nf3 Nc6 3. Bb5 a6 4. Ba4 Be7 5. O-O Nf6 6. Re1 b5 7. Bb3 d6 8. c3
Na5 9. Bc2 c5 10. d4 Qc7 11. d5 O-O 12. b3 Nb7 13. Nbd2 g6 14. Nf1 Nh5 15. Bh6
Re8 16. Ng3 Nf4 17. Qd2 Bf6 18. Ne2 Nxe2+ 19. Rxe2 Bg4 20. Qe3 c4 21. h3 Bd7
22. Nd2 cxb3 23. axb3 Rec8 24. c4 bxc4 25. bxc4 Nc5 26. Qc3 Qd8 27. Be3 Bg5 28.
Ree1 Qf6 29. Ra5 Bxe3 30. Qxe3 Qd8 31. Rea1 Rab8 32. Qa3 Qg5 33. Nf3 Qf4 34. g3
Qf6 35. Kg2 Rb6 36. Qc3 Rcb8 37. R5a3 Kg7 38. Nd2 1-0

[Event "XIX Dobczyce'2011"]
[Site "Dobczyce, ul. Gorska 31"]
[Date "2011.??.??"]
[Round "5.4"]
[White "Chmiel, Marcin"]
[Black "Watorek, Marcin"]
[Result "0-1"]
[WhiteElo "1865"]
[BlackElo "2125"]
[PlyCount "100"]
[EventDate "2011.??.??"]

1. e4 c5 2. Nf3 e6 3. d3 d5 4. Nbd2 Nc6 5. g3 Nf6 6. Bg2 Be7 7. O-O O-O 8. Re1
b5 9. e5 Nd7 10. Nf1 a5 11. h4 b4 12. a3 bxa3 13. bxa3 Ba6 14. Bf4 Rb8 15. N1h2
Rb2 16. h5 Re8 17. Ng4 Nd4 18. Nxd4 cxd4 19. Qc1 Qb6 20. Bg5 Bf8 21. h6 g6 22.
Qd2 Rc8 23. Rec1 Qc7 24. Qf4 Qc3 25. Bh3 Bb5 26. a4 Bc6 27. Bf6 Rxc2 28. Bg7
Be7 29. Bf6 Bb4 30. Bg7 Rxc1+ 31. Rxc1 Qd2 32. Qxd2 Bxd2 33. Rc2 Bc3 34. Ra2
Rb8 35. f4 Rb4 36. f5 gxf5 37. Nf6+ Nxf6 38. Bxf6 Rb2 39. Ra3 Rb1+ 40. Kg2 Rb4
41. g4 fxg4 42. Bxg4 Rxa4 43. Rb3 Rb4 44. Ra3 a4 45. Kh3 Rb3 46. Ra2 a3 47. Rg2
Rb2 48. Rg3 Kf8 49. Bh5 a2 50. Rg7 Rb7 0-1

[Event "XIX Dobczyce'2011"]
[Site "Dobczyce, ul. Gorska 31"]
[Date "2011.??.??"]
[Round "5.5"]
[White "Zajac, Mateusz"]
[Black "Liscinsky, Martin"]
[Result "1-0"]
[WhiteElo "1904"]
[BlackElo "1773"]
[PlyCount "69"]
[EventDate "2011.??.??"]

1. d4 Nf6 2. c4 e6 3. g3 c5 4. d5 exd5 5. cxd5 d6 6. Nc3 g6 7. Nf3 Bg7 8. Bg2
O-O 9. O-O Re8 10. Re1 a6 11. a4 Nbd7 12. h3 Ne5 13. Nxe5 Rxe5 14. Bf4 Re7 15.
Qd2 Rb8 16. Rab1 b5 17. axb5 axb5 18. b4 c4 19. Ra1 Nh5 20. Bg5 Nf6 21. Ra5 Bd7
22. Rea1 Be8 23. R1a3 Reb7 24. e4 Qd7 25. Ne2 Rc7 26. Ra6 Rcb7 27. Qf4 Nh5 28.
Qxd6 Qxd6 29. Rxd6 Bf8 30. Rd8 Rxd8 31. Bxd8 Bxb4 32. Ra8 Kf8 33. g4 Ng7 34.
Bf6 Bd2 35. e5 1-0

[Event "XIX Dobczyce'2011"]
[Site "Dobczyce, ul. Gorska 31"]
[Date "2011.??.??"]
[Round "6.1"]
[White "Zaboklicki, Zbigniew"]
[Black "Liscinsky, Martin"]
[Result "0-1"]
[WhiteElo "1895"]
[BlackElo "1773"]
[PlyCount "74"]
[EventDate "2011.??.??"]

1. Nf3 d5 2. b3 c5 3. Bb2 Nf6 4. e3 e6 5. d4 Nc6 6. Nbd2 cxd4 7. exd4 Be7 8.
Bd3 O-O 9. O-O a6 10. Ne5 Nxe5 11. dxe5 Nd7 12. Nf3 Nc5 13. c4 Nxd3 14. Qxd3
dxc4 15. Qxc4 Bd7 16. Rfd1 Rc8 17. Qe4 Bc6 18. Qg4 Bd5 19. Bd4 Qa5 20. Ng5 h6
21. Ne4 Bxe4 22. Qxe4 Rc6 23. Be3 Bc5 24. h3 Bxe3 25. Qxe3 Qc7 26. Rac1 Rc8 27.
Rxc6 Qxc6 28. Kh2 Qb5 29. Qe4 Qa5 30. Rd7 Qxa2 31. Rxf7 Rf8 32. Rxf8+ Kxf8 33.
Qb4+ Kg8 34. Qb6 Kh7 35. Qe3 Qc2 36. g4 b5 37. g5 h5 0-1

[Event "XIX Dobczyce'2011"]
[Site "Dobczyce, ul. Gorska 31"]
[Date "2011.??.??"]
[Round "6.2"]
[White "Watorek, Marcin"]
[Black "Zajac, Mateusz"]
[Result "1-0"]
[WhiteElo "2125"]
[BlackElo "1904"]
[PlyCount "76"]
[EventDate "2011.??.??"]

1. d4 Nf6 2. Nf3 d6 3. c4 c5 4. d5 e5 5. Nc3 Nbd7 6. e4 Be7 7. Bd3 Nf8 8. h3
Ng6 9. Be3 a6 10. Qd2 h6 11. a4 b6 12. Ne2 Nh7 13. g3 Ng5 14. Neg1 Bd7 15. h4
Nxf3+ 16. Nxf3 h5 17. Ng5 Rb8 18. f4 Qc7 19. f5 Nf8 20. Be2 Qd8 21. Qd1 Nh7 22.
Nxh7 Rxh7 23. Bxh5 b5 24. axb5 axb5 25. b4 cxb4 26. c5 dxc5 27. d6 Bf6 28. Bxc5
Rc8 29. Bf2 Rc4 30. Bf3 Bc6 31. Ra7 Rh6 32. O-O g5 33. fxg6 Rxg6 34. Bh5 Rg7
35. d7+ Kf8 36. Bc5+ Rxc5 37. Rxf6 Rxg3+ 38. Kh2 Qxf6 1-0